Castrum Sanctae Mariae

Titel: Castrum Sanctae Mariae : Burg - Residenz - Museum ; Bericht über die Internationale Jahrestagung der Historischen Kommission für ost- und westpreußische Landesforschung vom 25. bis 27. Mai 2017 in Marienburg/Westpr. / Dieter Heckmann
Verfasser:
In: Preußenland, Band 8 (2017), Seite 206-208
alle Artikel anzeigen
Veröffentlicht: 2017 [2018]
Format: Aufsatz
Sprache: Deutsch
Schlagworte:
Kein Bild verfügbar
X
alg: 43227134
001A    $03025:05-06-18 
001B    $01999:05-06-18 $t22:50:43.000 
001C    $03025:05-06-18 $t10:30:38.000 
001D    $03025:05-06-18 
001U    $0utf8 
001X    $00 
002@    $0Aou 
002C    $aText $btxt $2rdacontent 
002D    $aohne Hilfsmittel zu benutzen $bn $2rdamedia 
002E    $aBand $bnc $2rdacarrier 
003@    $0432271341 
007A    $0432271341 $aHEB 
010@    $ager 
010E    $erda 
011@    $a2017 $n2017 [2018] 
021A    $aCastrum Sanctae Mariae $dBurg - Residenz - Museum ; Bericht über die Internationale Jahrestagung der Historischen Kommission für ost- und westpreußische Landesforschung vom 25. bis 27. Mai 2017 in Marienburg/Westpr. $hDieter Heckmann 
028A    $BVerfasser $4aut $7128815000 $8Heckmann, Dieter$Z1955- [Tp3] $9159254922 
031A    $d8 $h206-208 $j2017 
039B    $aEnthalten in $8--Abvc--. Preußenland. - Osnabrück : Fibre-Verl., 1963-. - ISSN 0032-7972 $x201700000080000794 $9047115017 
044K    $#Ostpreußen $#Ostpreußen $#Provinz Ostpreußen $74075754-7 $8Ostpreußen [Tg1] $9085214493 
044K    $#Westpreußen $#Königlich-Preußen $#Polnisch-Preußen $#Königliches Preußen $74079244-4 $8Westpreußen [Tg1] $908522510X 
044K    $RVeranstaltung $RSitzung $#Congresses and conventions $#Congrès et conférences $#Konferenz $#Konferenz $#Besprechung $#Tagung Konferenz $#Symposium Konferenz $#Symposion Konferenz $#Konferenzen $74032055-8 $8Konferenz [Ts1] $9085085340 
044K    $#Historische Kommission für Ost- und Westpreußische Landesforschung $#Historische Kommission für West- und Ostpreussische Landesforschung $#Historische Kommission für West- und Ostpreußische Landesforschung $730464-5 $8Historische Kommission für Ost- und Westpreussische Landesforschung [Tb1] $9040328082 
045R    $aGeschichte 2017 
045T    $a8,1 

lok: 43227134 78

exp: 43227134 78 1 #EPN
201B/01 $005-06-18 $t10:28:00.000 
201C/01 $005-06-18 
201U/01 $0utf8 
203@/01 $01023017059 
208@/01 $a05-06-18 $be 
209A/01 $a/ $f000 $x00 
209A/01 $ab*p $x01 
220C/01 $akoe 
247C/01 $82080>Marburg/Lahn, Herder-Institut, Forschungsbibliothek, Bibliographieportal $9336309341
LEADER 00000caa a2200000 c 4500
001 432271341
003 DE-603
005 20180605225043.0
007 tu
008 180605s2017 xx |||| | u00||u|ger c
035 |a (DE-599)HEB432271341 
040 |a DE-603  |b ger  |c DE-603  |d DE-603  |e rda 
041 |a ger 
084 |a 8,1  |2 ssgn 
100 1 |a Heckmann, Dieter  |d 1955-  |e Verfasser  |4 aut  |0 (DE-603)159254922  |0 (DE-588)128815000  |2 gnd 
245 0 0 |a Castrum Sanctae Mariae  |b Burg - Residenz - Museum ; Bericht über die Internationale Jahrestagung der Historischen Kommission für ost- und westpreußische Landesforschung vom 25. bis 27. Mai 2017 in Marienburg/Westpr.  |c Dieter Heckmann 
264 0 |c 2017 [2018] 
336 |a Text  |b txt  |2 rdacontent 
337 |a ohne Hilfsmittel zu benutzen  |b n  |2 rdamedia 
338 |a Band  |b nc  |2 rdacarrier 
610 1 7 |a Historische Kommission für Ost- und Westpreussische Landesforschung  |2 gnd  |0 (DE-588)30464-5  |0 (DE-603)040328082 
648 7 |a Geschichte 2017  |2 gnd 
650 7 |a Konferenz  |0 (DE-588)4032055-8  |0 (DE-603)085085340  |2 gnd 
651 7 |a Ostpreußen  |0 (DE-588)4075754-7  |0 (DE-603)085214493  |2 gnd 
651 7 |a Westpreußen  |0 (DE-588)4079244-4  |0 (DE-603)08522510X  |2 gnd 
773 0 8 |i Enthalten in  |t Preußenland  |d Osnabrück : Fibre-Verl., 1963-  |h 24 cm  |x 0032-7972  |g Band 8 (2017), Seite 206-208  |w (DE-603)047115017  |w (DE-600)123737-8 
924 0 |9 2080  |a (DE-603)1023017059  |b DE-2080  |c HES  |d d  |g /